Политология: Курс лекций
| Diğer Yazarlar: | |
|---|---|
| Özet: | Исключено из фонда НТБ ТПУ |
| Dil: | Rusça |
| Baskı/Yayın Bilgisi: |
Москва, Изд-во МГУ, 1993
|
| Materyal Türü: | MixedMaterials Kitap |
| KOHA link: | https://koha.lib.tpu.ru/cgi-bin/koha/opac-detail.pl?biblionumber=18091 |
MARC
| LEADER | 00000nam0a2200000 4500 | ||
|---|---|---|---|
| 001 | 18091 | ||
| 005 | 20231030191150.0 | ||
| 010 | |a 5211029135 | ||
| 035 | |a (RuTPU)RU\TPU\book\18240 | ||
| 035 | |a BOOK00002928 | ||
| 090 | |a 18091 | ||
| 100 | |a 20011209d1993 m y0rusy50 ca | ||
| 101 | 0 | |a rus | |
| 102 | |a RU | ||
| 105 | |a y j 000zy | ||
| 200 | 1 | |a Политология |e Курс лекций |f Под ред. М. Н. Марченко | |
| 210 | |a Москва |c Изд-во МГУ |d 1993 | ||
| 215 | |a 255 с. | ||
| 333 | |a Исключено из фонда НТБ ТПУ | ||
| 702 | 1 | |a Марченко |b М. Н. |4 340 | |
| 801 | 0 | |a RU |b 63413507 |c 20011209 |g PSBO | |
| 801 | 2 | |a RU |b 63413507 |c 20220216 |g PSBO | |
| 942 | |c BK | ||